Un Campo para el Futuro Balance de Gobierno 2002-2010: (Registro nro. 8972)

Detalles MARC
000 -CABECERA
Campo de control 00847nam a22002297a 4500
005 - FECHA Y HORA DE LA ULTIMA TRANSACCION
Campo de control 20200104041632.0
008 - ELEMENTOS DE LONGITUD FIJA—INFORMACION GENERAL
Campo de control 150114b2002 ck |||||r|||| 00| 0 spa d
040 ## - FUENTE DE CATALOGACIÓN
Agencia catalogadora original CO-BoIAVH
Agencia transcriptora CO-BoIAVH
041 ## - IDIOMA
Código de idioma para texto/pista de sonido o título separado Español
044 ## - PAÍS DE PUBLICACIÓN
País de publicación Colombia
090 ## - CLASIFICACIÓN LOCAL
Colección EA
Consecutivo 00260
245 ## - MENCION DE TITULO
Título Un Campo para el Futuro Balance de Gobierno 2002-2010:
Parte restante del título Logros y Avances Investigación y Desarrollo Tecnológico para el Sector Agropecuario y Pesquero
260 ## - PUBLICACION, DISTRIBUCION, ETC. (PIE DE IMPRENTA)
Lugar de publicación, distribución, etc. [Sin lugar de publicación]
Nombre del editor, distribuidor, etc. Ministerio de Agricultura y Desarrollo Rural,
Fecha de publicación, distribución, etc. [2002?]
300 ## - DESCRIPCION FISICA
Extensión 43 pag
Otros detalles físicos Tab, graf.
Dimensiones 24 cm.
650 #6 - ASIENTO SECUNDARIO DE MATERIA - TERMINO TEMATICO
Término temático o nombre geográfico como elemento de entrada Producción agropecuaria
650 ## - ASIENTO SECUNDARIO DE MATERIA - TERMINO TEMATICO
Término temático o nombre geográfico como elemento de entrada Industria pesquera
650 ## - ASIENTO SECUNDARIO DE MATERIA - TERMINO TEMATICO
Término temático o nombre geográfico como elemento de entrada Desarrollo agrícola
650 ## - ASIENTO SECUNDARIO DE MATERIA - TERMINO TEMATICO
Término temático o nombre geográfico como elemento de entrada Biotecnología agrícola
650 ## - ASIENTO SECUNDARIO DE MATERIA - TERMINO TEMATICO
Término temático o nombre geográfico como elemento de entrada Investigación agraria
650 ## - ASIENTO SECUNDARIO DE MATERIA - TERMINO TEMATICO
Término temático o nombre geográfico como elemento de entrada Tecnología agropecuaria
942 ## - ELEMENTOS ADICIONALES (KOHA)
Sistema de clasificación Local
Tipo de ítem Libro
Existencias
Withdrawn status Lost status Sistema de Clasificación Damaged status No para préstamo Colección Inventariado Ubicación Permanente Ubicación actual Fecha de adquisición Total Checkouts Número topográfico Inventario / Código de Barras Date last seen Ejemplar Price effective from Forma de adquisición Tipo de material
    Dewey Decimal Classification     Educación Ambiental   Bogotá Bogotá 11/02/2020   EA-00260 044181 11/02/2020 Ej. 2 11/02/2020 Donación Folleto
    Dewey Decimal Classification     Educación Ambiental   Bogotá Bogotá 11/02/2020   EA-00260 044182 11/02/2020 Ej. 3 11/02/2020 Donación Folleto
    Local     Educación Ambiental Inventariado 2017 Sala Fabio Quevedo Sala Fabio Quevedo 14/01/2015   EA-00260 034940 14/01/2015 Ej. 1 14/01/2015   Libro